The anatony of a business strategy : Bell, Western electric, and the Origins of the American telephone industry

Guardat en:
Dades bibliogràfiques
Autor principal: Smith, George David
Format: Llibre
Idioma:Undetermined
Publicat: Baltimore The Johns Hopkins University Press 1985
Matèries:
Etiquetes: Afegir etiqueta
Sense etiquetes, Sigues el primer a etiquetar aquest registre!
Thư viện lưu trữ: Trung tâm Học liệu Trường Đại học Cần Thơ
LEADER 00652nam a2200217Ia 4500
001 CTU_86635
008 210402s9999 xx 000 0 und d
082 |a 384.6 
082 |b S642 
100 |a Smith, George David 
245 4 |a The anatony of a business strategy : 
245 0 |b Bell, Western electric, and the Origins of the American telephone industry 
245 0 |c George David Smith 
260 |a Baltimore 
260 |b The Johns Hopkins University Press 
260 |c 1985 
650 |a Telephone companies 
650 |x History 
650 |z United states 
904 |i Năm 
980 |a Trung tâm Học liệu Trường Đại học Cần Thơ